Statistics for Which country

Click here to take the quiz!

General Stats

  • This quiz has been taken 188 times
  • The average score is 15 of 25

Answer Stats

Place Country % Correct
WinnipegCanada
97%
GuadalajaraMexico
96%
El PasoUSA
92%
ChesterfieldUK
91%
NagoyaJapan
87%
CarcassonneFrance
81%
TriesteItaly
81%
LeónSpain
80%
BelémBrazil
78%
GeelongAustralia
73%
WexfordIreland
70%
BarranquillaColombia
68%
Dar es SalaamTanzania
61%
PattayaThailand
61%
BandungIndonesia
60%
SanyaChina
55%
HurghadaEgypt
52%
VaraderoCuba
35%
SfaxTunisia
32%
FujairahUAE
30%
OpatijaCroatia
30%
ColonPanama
29%
MisrataLibya
19%
Walvis BayNamibia
14%
OmodosCyprus
11%

Score Distribution

Percentile by Number Answered

Percent of People with Each Score

Your Score History

You have not taken this quiz